| Registos Bibliográficos associados ao registo de autoridade |
|
Etiqueta de registo: 00269ncm 2200145 450 001 1650942 003 http://id.bnportugal.gov.pt/bib/catbnp/1650942 100 ## $a20070709d1908 k y0pory0103 ba 101 0# $afre 102 ## $aFR 105 ## $ag z 000yy 106 ## $ar 200 1# $aZino-Zina$bMúsica impressa]$eMenuet$fmusique de Paul Vidal 210 #9 $aParis$cHeugel et C.ie,$d1908 215 ## $aPartitura (6 p.)$d35 cm 225 1# $a [ Espólio de Augusto Machado.$iSecção E: Colecções.$iSérie 3: Música impressa] 307 ## $aFólios soltos 317 ## $aProv.: I.P.P.C., Espólio de Augusto Machado$5PTBN: A.M. 246 A. 327 1# $aMinueto extraído do Bailado em 2 actos de Jean Richepin (coreógrafo) 500 10 $aZino-Zina$lBailados ;$nMinueto,$rpf,$uSol Maior 606 ## $aMúsica para piano$zSéc. 20$j[Música impressa]$2SIPOR$3947781 675 ## $a78.089.6$vBN$zpor$3536969 675 ## $a786.2$vBN$zpor$3295835 700 #1 $aVidal,$bPaul Antonin,$f1863-1931$3265807 712 02 $aHeugel$c(editor de música)$4650$31026393 712 01 $aPortugal.$bInstituto Português do Património Cultural.$bDepartamento de Musicologia$4390$3285717 801 #0 $aPT$bBN$gRPC 966 ## $lBN$mMUSICA$sA.M. 246 A. $x6
Etiqueta de registo: 00000ndm 2200025 001 2179363 003 http://id.bnportugal.gov.pt/bib/catbnp/2179363 100 ## $a20240822d1935 k y0pory01030103ba 101 0# $apor 102 ## $aPT 106 ## $ah 200 1# $aNeste Doce Asilo$bMúsica manuscrita]$fRameau$gMaria da Soledade da Silva Chaves$gEuclides 210 #1 $d4-6-1935 [i.e. 4 de Junho de 1935] 215 ## $a14 partes$d22 x 33 cm$eCapa com o título e autor 300 ## $aTradução para português do original em francês 306 ## $aData e posse na parte (4) para 2º violino 317 ## $aConservatório Nacional 330 ## $aContém ainda uma parte para 2º violino (5) de "Berceuse Angelique" de Paul Vidal,
posse de João Pereira Manso (1935) 500 11 $aCastor et Pollux.$iDans ce doux asile pour nous tu seras couronné,$rV, 2vl, vla, vlc, cb,$uRé maior 675 ## $a78.089.6$vBN$zpor$3536969 700 #1 $aRameau,$bJean-Philippe,$f1683-1764$3102269 701 #1 $aVidal,$bPaul Antonin,$f1863-1931$4230$3265807 712 01 $aPortugal.$bConservatório Nacional.$bEscola de Música$4390$31172174 801 #0 $aPT$bBN$gRPC 966 ## $lBN$mMUSICA$sC.N. 1636 971 ## $cccota$d20240822
Etiqueta de registo: 00000ndm 2200025 001 2180442 003 http://id.bnportugal.gov.pt/bib/catbnp/2180442 100 ## $a20240828f19251975k y0pory01030103ba 101 0# $apor 102 ## $aPT 106 ## $ah 200 1# $a [ Danças]$bMúsica manuscrita]$fRameau$fPaul Vidal 210 #1 $d[Entre 1925 e 1975] 317 ## $aConservatório Nacional 500 11 $aDanças,$sRCT 6.03 ;$warr. 675 ## $a78.089.6$vBN$zpor$3536969 700 #1 $aRameau,$bJean-Philippe,$f1683-1764$3102269 701 #1 $aVidal,$bPaul Antonin,$f1863-1931$4230$3265807 712 01 $aPortugal.$bConservatório Nacional.$bEscola de Música$4390$31172174 801 #0 $aPT$bBN$gRPC 966 ## $lBN$mMUSICA$sC.N. 2115 971 ## $cCatmusica7$d20240828
Etiqueta de registo: 00000ncm 2200025 001 2181898 003 http://id.bnportugal.gov.pt/bib/catbnp/2181898 100 ## $a20240904f1912 k y0pory01030103ba 101 0# $afre 102 ## $aFR 106 ## $ar 200 1# $aChansons de Shakespeare$bMúsica impressa]$fmusique de Paul Vidal$gpoésies de Camille de Sainte-Croix 210 #9 $aParis$cHeugel & Cie.,$d1912 215 ## $a9 partituras (49 p.)$d32 cm 301 ## $aNº de chapa: H. et Cie. 25727 a H. et Cie. 25735 317 ## $aFundação C. Gulbenkian, Espólio Emma Romero da Câmara Reis; cota anterior: MuC.R.68$5PTBN: EMUS1 1019 327 1# $a1re série: I.Cymbeline - A. Aubade (p. 2), Abis La même avec accompt de violon ou
de quatuor; II. Le Marchand de Venise - B. Le carrillon d'amour (Chanson de Portia)
(p. 6), C. Les coeurs fermés (p. 12); III.Peines d'amour perdues - D. Chanson d'hiver(p.
22), E. Chanson de printemps; IV. Comme il vous plaira - F. Retraite (1er chant d'Amiens)
(p. 26), G. Sous bois (2d chant d'Amiens) (p. 28), H. Ecossaisse, duo des pages (p.
34), I. Choeur des chasseures (p. 46) 500 11 $aCanções$rV, pf 540 1# $aAubade 540 1# $a Le carrillon d'amour 540 1# $a Les coeurs fermés 540 1# $aChanson d'hiver 540 1# $aChanson de printemps 540 ## $aRetraite 540 1# $aSous bois 540 1# $aEcossaise 540 ## $aChoeur des chasseurs 606 ## $aMúsica para canto e piano$zSéc. 20$j[Música impressa]$2SIPOR$3947956 675 ## $a784.3$vBN$zpor$3379590 675 ## $a78.089.6$vBN$zpor$3536969 700 #1 $aVidal,$bPaul Antonin,$f1863-1931$3265807 702 #1 $aSainte-Croix,$bCamille de$f1859-1915$4520$31927180 801 #0 $aPT$bBN$gRPC 966 ## $lBN$mMUSICA$pEspólio Emma Romero da Câmara Reis$sEMUS1 1019$x3 971 ## $csmariza$d20240904 972 ## $e0$z0$d20241016$vigoncalves
Etiqueta de registo: 00000ndm 2200025 001 2188549 003 http://id.bnportugal.gov.pt/bib/catbnp/2188549 100 ## $a20241003f19101960k y0pory01030103ba 102 ## $aPT 106 ## $ah 200 1# $aBerceuse angelique$bMúsica manuscrita]$fPaul Vidal 210 #1 $d[Entre 1910 e 1960] 215 ## $a19 partes$d29 x 22 cm 317 ## $aConservatório Nacional 500 11 $aPeças,$r2vl, vla, vlc,$uMi maior 675 ## $a78.089.6$vBN$zpor$3536969 700 #1 $aVidal,$bPaul Antonin,$f1863-1931$3265807 712 01 $aPortugal.$bConservatório Nacional.$bEscola de Música$4390$31172174 801 #0 $aPT$bBN$gRPC 966 ## $lBN$mMUSICA$sC.N. 5658 971 ## $cCatmusica7$d20241003
Etiqueta de registo: 00000ndm 2200025 001 2273102 003 http://id.bnportugal.gov.pt/bib/catbnp/2273102 100 ## $a20260227f19001944k y0pory01030103ba 101 0# $afre 102 ## $aPT 106 ## $ah 200 1# $aPavana$bMúsica manuscrita]$eBelle qui tiens ma vie$fPaul Vidal 210 #1 $d[Entre 1900 e 1944] 215 ## $a14 partes$d29 x 22 cm 300 ## $aPartitura da obra na cota EMUS16 3455 317 ## $aEspólio de Alfredo Mântua 500 11 $aDanças,$rorq 675 ## $a78.089.6$vBN$zpor$3536969 700 #1 $aVidal,$bPaul Antonin,$f1863-1931$3265807 801 #0 $aPT$bBN$gRPC 966 ## $lBN$mMUSICA$sEMUS16 3456$x7 971 ## $cCatmusica2$d20260227 995 ## $aPRR2026
Etiqueta de registo: 00000ndm 2200025 001 2273093 003 http://id.bnportugal.gov.pt/bib/catbnp/2273093 100 ## $a20260227f19001944k y0pory01030103ba 101 0# $afre 102 ## $aPT 106 ## $ah 200 1# $aPavane$bMúsica manuscrita]$eBelle qui tiens ma vie$fPaul Vidal 210 #1 $d[Entre 1900 e 1944] 215 ## $a1 partitura (9 p.)$d29 x 23 cm 300 ## $aPartes da obra na cota EMUS16 3456 317 ## $aEspólio de Alfredo Mântua 500 11 $aDanças,$rorq 675 ## $a78.089.6$vBN$zpor$3536969 700 #1 $aVidal,$bPaul Antonin,$f1863-1931$3265807 801 #0 $aPT$bBN$gRPC 966 ## $lBN$mMUSICA$sEMUS16 3455$x7 971 ## $cCatmusica2$d20260227 995 ## $aPRR2026
Etiqueta de registo: 00000ndm 2200025 001 2272986 003 http://id.bnportugal.gov.pt/bib/catbnp/2272986 100 ## $a20260227f19001945k y0pory01030103ba 101 0# $apor 102 ## $aPT 106 ## $ah 200 1# $aMenuet Ancien$bMúsica manuscrita]$farrangée par Paul Vidal 210 #1 $d[Entre 1900 e 1945] 215 ## $a1 partitura (3 p.)$d29 x 22 cm 317 ## $aEspólio de Alfredo Mântua 500 11 $aMinuetos,$rpf 675 ## $a78.089.6$vBN$zpor$3536969 700 #1 $aVidal,$bPaul Antonin,$f1863-1931$3265807 801 #0 $aPT$bBN$gRPC 966 ## $lBN$mMUSICA$sEMUS16 3449$x7 971 ## $cCatmusica2$d20260227 995 ## $aPRR2026
Etiqueta de registo: 00000ndm 2200025 001 2272972 003 http://id.bnportugal.gov.pt/bib/catbnp/2272972 100 ## $a20260227f19901944k y0pory01030103ba 101 0# $apor 102 ## $aPT 106 ## $ah 200 1# $aMenuet Ancien$bMúsica manuscrita]$fde Paul Vidal 210 #1 $d[Entre 1900 e 1944] 215 ## $a1 partitura (1 p.)$d30 x 22 cm 300 ## $aPartitura com a obra completa na cota EMUS16 3441 317 ## $aEspólio de Alfredo Mântua 330 ## $a"Compassos finaes para quando se execute isoladamente" 500 11 $aMinuetos,$rorq 675 ## $a78.089.6$vBN$zpor$3536969 700 #1 $aVidal,$bPaul Antonin,$f1863-1931$3265807 801 #0 $aPT$bBN$gRPC 966 ## $lBN$mMUSICA$sEMUS16 3448$x7 971 ## $cCatmusica2$d20260227 995 ## $aPRR2026
Etiqueta de registo: 00000ndm 2200025 001 2272897 003 http://id.bnportugal.gov.pt/bib/catbnp/2272897 100 ## $a20260227f19151944k y0pory01030103ba 101 0# $apor 102 ## $aPT 106 ## $ah 200 1# $aDanças do século XVIII$bMúsica manuscrita] 210 #1 $d[Entre 1915 e 1944] 215 ## $a14 partes$d29 x 22 cm 300 ## $aPartitura da obra na cota EMUS16 3441. Partes do último andamento na cota EMUS16 3443 307 ## $aParte para piano contém a assinatura do compositor Alfredo Mântua 317 ## $aEspólio de Alfredo Mântua 330 ## $aObra com os seguintes andamentos: "Menuet Ancien" de Paul Vidal, "Agitato" de Alberto
João Fernandes, "La fille de M.me Angot" de Charles Lecoq e "Final" de Alfredo Mântua 500 11 $aDanças,$rorq, pf 675 ## $a78.089.6$vBN$zpor$3536969 700 #1 $aVidal,$bPaul Antonin,$f1863-1931$3265807 701 #1 $aFernandes,$bAlberto João,$f1895-1961$4070$3787459 701 #1 $aLecocq,$bCharles,$f1832-1918$4070$365894 701 #1 $aMântua,$bAlfredo,$f1880-1944$4070$380191 801 #0 $aPT$bBN$gRPC 966 ## $lBN$mMUSICA$sEMUS16 3442$x7 971 ## $cCatmusica2$d20260227 995 ## $aPRR2026
Etiqueta de registo: 00000ndm 2200025 001 2272884 003 http://id.bnportugal.gov.pt/bib/catbnp/2272884 100 ## $a20260227f19151944k y0pory01030103ba 101 0# $apor 102 ## $aPT 106 ## $ah 200 1# $aDanças do Século XVIII$bMúsica manuscrita] 210 #1 $d[Entre 1915 e 1944] 215 ## $a1 partitura (23 p.)$d31 x 23 cm 300 ## $aPartes da obra na cota EMUS16 3442. Partes do último andamento na cota EMUS16 3443 317 ## $aEspólio de Alfredo Mântua 330 ## $aObra com os seguintes andamentos: "Menuet Ancien" de Paul Vidal, "Agitato" de Alberto
João Fernandes, "La fille de M.me Angot" de Charles Lecoq e "Final" de Alfredo Mântua 500 11 $aDanças,$rorq 675 ## $a78.089.6$vBN$zpor$3536969 700 #1 $aVidal,$bPaul Antonin,$f1863-1931$3265807 701 #1 $aFernandes,$bAlberto João,$f1895-1961$4070$3787459 701 #1 $aLecocq,$bCharles,$f1832-1918$4070$365894 701 #1 $aMântua,$bAlfredo,$f1880-1944$4070$380191 801 #0 $aPT$bBN$gRPC 966 ## $lBN$mMUSICA$sEMUS16 3441$x7 971 ## $cCatmusica2$d20260227 995 ## $aPRR2026
|
|
|